000 01612cam a22003734a 4500
001 11941910
003 OSt
005 20240723113117.0
008 000315s2000 enka b 001 0 eng
010 _a 00035259
020 _a0312231970 (in North America)
020 _a0333804465
040 _cMUST
042 _apcc
043 _an-us---
050 0 0 _a337.73 SAN 2000
_b.S258 2000
082 0 0 _a337.73
_221
245 0 0 _aSanctions as economic statecraft :
_btheory and practice /
_cedited by Steve Chan and A. Cooper Drury.
260 _aHoundmills, Basingstoke, Hampshire
_aNew York
_bPalgrave Macmillan
_cc2000.
300 _axii, 258 p. :
_bill. ;
_c222cm.
440 0 _aInternational political economy series
_9970
504 _aIncludes bibliographical references (234-249) and index.
650 0 _aEconomic sanctions, American
_xHistory.
_918950
651 0 _aUnited States
_xCommercial policy
_xHistory.
_918951
700 1 _aChan, Steve.
_918952
700 1 _aDrury, A. Cooper,
_d1967-
_918953
830 0 _aInternational political economy series (Palgrave Firm)
_91006
856 4 2 _3Contributor biographical information
_uhttp://www.loc.gov/catdir/bios/hol057/00035259.html
856 4 2 _3Publisher description
_uhttp://www.loc.gov/catdir/description/hol051/00035259.html
856 4 1 _3Table of contents
_uhttp://www.loc.gov/catdir/toc/hol051/00035259.html
906 _a7
_bcbc
_corignew
_d1
_eocip
_f20
_gy-gencatlg
942 _2ddc
_cO_SHELF
999 _c9270
_d9270